Liedtext Quiz - Gianna von Wolfgang Petry - Statistiken

Allgemein
  • Dieses Quiz wurde 42 mal gespielt
  • Das Durchschnittsergebnis liegt bei 188 aus 315
Antwortstatistiken
Antworten % Korrekt
Gianna,
97%
Gianna
97%
da
94%
das
88%
Das
88%
ich
88%
wahr
85%
wär
85%
den
79%
doch
79%
wir
79%
ist
76%
lass
76%
sein
73%
uns
73%
Die
70%
dir
70%
Oh,
70%
Ohh,
70%
Ding
67%
mit
67%
nicht
67%
nicht,
67%
was
67%
wo
67%
du
64%
gern
64%
noch
64%
allein,
61%
darf
61%
fahren
61%
muss
61%
sehen,
61%
sehen
61%
es
58%
ins
58%
kann
58%
Grüne
55%
hier
55%
waren
55%
zwei
55%
aus,
52%
dahin,
52%
denn?
52%
gehen
52%
gestern
52%
ging
52%
kaputt
52%
mal
52%
schon
52%
zieh
52%
dann
48%
ganz
48%
gemein
48%
Knopf,
48%
Komm,
48%
komm
48%
Mensch,
48%
nein,
48%
Tür
48%
zurück
48%
Ach
45%
an
45%
auch
45%
dich
45%
diesen
45%
Donnerwetter,
45%
einen
45%
einmal
45%
im
45%
ja
45%
kein
45%
mach
45%
so
45%
wunderbar
45%
bis
42%
dein
42%
Dein
42%
drück
42%
einfach
42%
keiner
42%
kenn
42%
Trick
42%
wohl
42%
auf,
39%
Auto
39%
klein,
39%
sehr
39%
sinken
39%
bist
36%
der
36%
heiß
36%
klemmt,
36%
Unterhemd
36%
Wagen
36%
Kragen
33%
Reißverschluss
33%
zugeknöpft
33%
hast
30%
Problem
30%
sitz
30%
Sitz!
30%
recht,
27%
Absatz
24%
Dreh
24%
krumm
24%
spitz
24%
um,
24%
wirklich
24%
jetzt
21%
bricht
15%
fall
15%
hey,
15%
Mhmm,
15%
(ohja)
15%
passiert
15%
rechte
15%
Spiegel
15%
Steig
15%
Vorsicht,
12%
warte,
12%
(hahaha)
9%
ramponiert!
9%
raus!
9%
Keine übereinstimmenden Quizze gefunden
Verteilung der Resultate
Anzahl Personen mit jedem Resultat
Perzentil nach korrekt beantworteten Fragen
Ihre Resultats-Entwicklung
Sie haben dieses Quiz noch nicht gespielt